| 000 | 01353cam a2200325 i 4500 | ||
|---|---|---|---|
| 008 | 171201s2018 moua b 001 0 eng c | ||
| 020 | _a9780323445849 | ||
| 020 | _a0323445845 | ||
| 050 | 0 | 0 |
_aRT42 _b.P48 2018 |
| 082 | 0 | 0 | _a615.8/2 |
| 100 | 1 | _aFairchild, Sheryl L., | |
| 245 | 1 | 0 |
_aPierson and Fairchild's principles & techniques of patient care / _cSheryl L. Fairchild, PT, Retired Director of Rehabilitation/Wellness, Memorial Hermann Northeast Hospital, Humble, Texas ; [associate editors] Roberta Kuchler O'Shea, PT, DPT, PhD, Professor, Physical Therapy, Governors State University, University Park, Illinois, Robin D. Washington, PT, PhD, CRC, Associate Professsor, Physical Therapy, Governors State University, University Park, Illinois. |
| 250 | _aSixth edition. | ||
| 260 |
_aMissouri _bElsevier Ltd _c2018 |
||
| 300 |
_axiii, 407 pages : _billustrations (chiefly color) ; |
||
| 650 | 0 | _aPhysical therapy. | |
| 650 | 0 |
_aPatients _xCare. |
|
| 650 | 0 | _aNursing. | |
| 650 | 1 | 2 | _aPhysical Therapy Modalities. |
| 650 | 2 | 2 | _aDependent Ambulation. |
| 650 | 2 | 2 | _aPatient Care Planning. |
| 650 | 2 | 2 | _aTransportation of Patients. |
| 650 | 2 | 2 | _aWheelchairs. |
| 650 | 7 | _aNursing. | |
| 650 | 7 |
_aPatients _xCare. |
|
| 650 | 7 | _aPhysical therapy. | |
| 700 | 1 | _aO'Shea, Roberta Kuchler, | |
| 700 | 1 | _aWashington, Robin D., | |
| 942 | _cBK | ||
| 999 |
_c2611 _d2611 |
||